Grammaire - Quiz à Choix Multiples #1 - Statistiques

Statistiques générales
  • Ce quiz a été pris 477 fois
  • Le résultat moyen est 8 sur 10
Statistiques - réponses
Question Réponse % Correct
Laquelle de ces phrases est correcte ? Julie riait joyeusement tandis que son frère jouait de la guitare.
96%
Laquelle de ces phrases est correcte ? Le chat dormait tranquillement pendant que la pluie tambourinait sur la fenêtre.
96%
Laquelle de ces phrases est correcte ? Hier soir, pendant l'orage, les enfants jouaient joyeusement.
95%
Laquelle de ces phrases est correcte ? Hier, alors que le soleil se couchait, Pierre termina son roman.
94%
Laquelle de ces phrases est correcte ? Tu avais pris trois boîtes de celle-ci.
92%
Laquelle de ces phrases est correcte ? Bien que cela puisse sembler facile, décrire l'odeur du silence est un défi intrigant.
90%
Laquelle de ces phrases est correcte ? J'ai pris mes éventails.
85%
Laquelle de ces phrases est correcte ? J'ai rarement vu quelque chose d'aussi beau.
70%
Laquelle de ces phrases est correcte ? Pendant le dîner, Marc dégustait son plat favori.
41%
Laquelle de ces phrases est correcte ? Demain, Marie préparera le petit déjeuner.
13%
Aucun quiz correspondant
Distribution des résultats
% des personnes avec chaque résultat
Percentile par nombre de réponses
Votre historique - résultats
Vous n’avez pas pris ce quiz